An emerging challenge (Record no. 81561)
[ view plain ]
| 000 -LEADER | |
|---|---|
| fixed length control field | 00883cab a22001815a 4500 |
| 001 - CONTROL NUMBER | |
| control field | L147527 |
| 008 - FIXED-LENGTH DATA ELEMENTS--GENERAL INFORMATION | |
| fixed length control field | 090520e2009 xxk 000 0 eng d |
| 035 ## - SYSTEM CONTROL NUMBER | |
| System control number | (Sirsi) u147527 |
| 041 0# - LANGUAGE CODE | |
| Language code of text/sound track or separate title | eng |
| 100 1# - MAIN ENTRY--PERSONAL NAME | |
| Personal name | Field, Duncan |
| 245 03 - TITLE STATEMENT | |
| Title | An emerging challenge |
| 260 ## - PUBLICATION, DISTRIBUTION, ETC. | |
| Date of publication, distribution, etc. | 2009 |
| 490 ## - SERIES STATEMENT | |
| Series statement | Estates Gazette |
| Volume/sequential designation | (0918) 9 May 2009, 79(1) |
| 520 ## - SUMMARY, ETC. | |
| Summary, etc. | The Infrastructure Planning Commission (IPC) established under the Planning Act 2008, is due to receive its first applications for development consent for nationally significant infrastructure projects (NSIPs) in April 2009. Its objectives include the scrutiny of National Policy Statements (NPSs), pre-application consultations and effectiveness of their hearings with reliance on written rather than personal representation. |
| 590 ## - LOCAL NOTE (RLIN) | |
| Local note | KA |
| 700 1# - ADDED ENTRY--PERSONAL NAME | |
| Personal name | ENVIRONMENTAL AND LAND CONSULTANCY-PLANNING AND DEVELOPMENT |
| 942 ## - ADDED ENTRY ELEMENTS (KOHA) | |
| Suppress in OPAC | 0 |
| Withdrawn status | Lost status | Source of classification or shelving scheme | Damaged status | Not for loan | Home library | Current library | Shelving location | Date acquired | Total Checkouts | Full call number | Barcode | Date last seen | Copy number | Price effective from | Koha item type |
|---|---|---|---|---|---|---|---|---|---|---|---|---|---|---|---|
| Dewey Decimal Classification | London | London | Journal article | 20/05/2009 | L147527 | 147527-1001 | 06/08/2019 | 1 | 06/08/2019 | Journal article |